[Event "RA December op"]
[Site "Ottawa  CAN"]
[Date "2019.12.07"]
[Round "2.1"]
[White "Simic, Dusan"]
[Black "Sambuev, Bator"]
[Result "0-1"]
[WhiteElo "2142"]
[BlackElo "2575"]
[PlyCount "54"]
[EventDate "2019.12.06"]
[EventType "swiss"]
[EventRounds "5"]
[EventCountry "CAN"]

1. e4 e6 2. d4 d5 3. exd5 exd5 4. Nf3 Nc6 5. Bb5 Bd6 6. Bg5 Nge7 7. O-O O-O 8.
c3 Bg4 9. Nbd2 Qd7 10. Qc2 Ng6 11. Bd3 h6 12. Bxg6 fxg6 13. Bh4 Bf5 14. Qb3 g5
15. Bg3 g4 16. Ne5 Nxe5 17. Bxe5 Bxe5 18. dxe5 c5 19. c4 d4 20. f4 gxf3 21.
Rxf3 Bg4 22. Rg3 Rf4 23. Re1 Raf8 24. h3 Bf5 25. Qd1 b6 26. Qh5 Qe6 27. Rf3 Bg6
0-1

[Event "RA December op"]
[Site "Ottawa  CAN"]
[Date "2019.12.07"]
[Round "2.2"]
[White "Dukic, Zachary"]
[Black "Xu, Daniel"]
[Result "1/2-1/2"]
[WhiteElo "2369"]
[BlackElo "2159"]
[PlyCount "113"]
[EventDate "2019.12.06"]
[EventType "swiss"]
[EventRounds "5"]
[EventCountry "CAN"]

1. e4 c5 2. Nf3 d6 3. d4 cxd4 4. Nxd4 Nf6 5. Nc3 a6 6. Bg5 e6 7. f4 Be7 8. Qf3
Qc7 9. O-O-O Nbd7 10. g4 h6 11. Bxf6 Bxf6 12. Kb1 Qb6 13. Nb3 Qc7 14. e5 dxe5
15. f5 O-O 16. Ne4 Be7 17. Rg1 Nf6 18. Bd3 exf5 19. Nxf6+ Bxf6 20. Bxf5 Bxf5
21. Qxf5 Rfd8 22. Nd2 Bg5 23. Ne4 Rxd1+ 24. Rxd1 Rd8 25. Rh1 Bf4 26. h4 Qd7 27.
a3 Qxf5 28. gxf5 b6 29. c3 Kf8 30. Kc2 g6 31. f6 Ke8 32. b4 Rd5 33. Re1 Kd7 34.
c4 Rd4 35. c5 b5 36. Re2 Ke6 37. Kc3 g5 38. hxg5 hxg5 39. a4 g4 40. axb5 axb5
41. Nd6 g3 42. Nxb5 Rd2 43. Re1 g2 44. c6 Rd8 45. c7 Rc8 46. Rg1 Rg8 47. Rxg2
Rc8 48. Kd3 Kd5 49. Rc2 e4+ 50. Ke2 Ke6 51. Rc6+ Kd5 52. Rc5+ Ke6 53. Nd4+ Kd7
54. Nb5 Ke6 55. Rc4 Kxf6 56. Rxe4 Bxc7 57. Nxc7 1/2-1/2

[Event "RA December op"]
[Site "Ottawa  CAN"]
[Date "2019.12.07"]
[Round "2.3"]
[White "Demchenko, Svitlana"]
[Black "Petrovic, Milos"]
[Result "1-0"]
[WhiteElo "2257"]
[BlackElo "1829"]
[PlyCount "63"]
[EventDate "2019.12.06"]
[EventType "swiss"]
[EventRounds "5"]
[EventCountry "CAN"]

1. e4 e6 2. d4 d5 3. Nd2 Nf6 4. e5 Nfd7 5. c3 c5 6. Bd3 Nc6 7. Ne2 Be7 8. O-O
O-O 9. f4 f5 10. Nf3 b6 11. Be3 Bb7 12. Ng5 Bxg5 13. fxg5 g6 14. Nf4 Qe7 15. h4
cxd4 16. cxd4 Nb4 17. Bb1 Rac8 18. g4 Rc7 19. a3 Nc6 20. gxf5 gxf5 21. Rf2
Ncxe5 22. dxe5 Nxe5 23. Bd4 Ng4 24. Re2 e5 25. Ba2 Qd6 26. Bxe5 Nxe5 27. Bxd5+
Kh8 28. Qd4 Re8 29. Rae1 Rc4 30. Qxc4 Nxc4 31. Rxe8+ Kg7 32. R1e7+ 1-0

[Event "RA December op"]
[Site "Ottawa  CAN"]
[Date "2019.12.07"]
[Round "2.4"]
[White "Liang, Jason"]
[Black "Donev, Danail"]
[Result "1-0"]
[WhiteElo "2305"]
[BlackElo "2070"]
[PlyCount "65"]
[EventDate "2019.12.06"]
[EventType "swiss"]
[EventRounds "5"]
[EventCountry "CAN"]

1. e4 c5 2. Nf3 d6 3. d4 cxd4 4. Nxd4 Nf6 5. f3 e5 6. Nb3 Be6 7. c4 Be7 8. Nc3
a6 9. Be3 Nbd7 10. Be2 Rc8 11. Nd2 Nb6 12. b3 O-O 13. O-O Nh5 14. g3 f5 15.
exf5 Bxf5 16. g4 Bg5 17. Bf2 Bf4 18. gxf5 Qg5+ 19. Kh1 Bxh2 20. Nde4 Qh6 21.
Bxb6 Nf4 22. Rf2 Bg3+ 23. Kg1 Bxf2+ 24. Bxf2 Rxf5 25. Ng3 Qg6 26. Bd3 Nxd3 27.
Qxd3 Rcf8 28. Nd5 Qg5 29. Qe3 Qxe3 30. Bxe3 Rxf3 31. Kg2 g6 32. Ne4 R3f7 33.
Nxd6 1-0

[Event "RA December op"]
[Site "Ottawa  CAN"]
[Date "2019.12.07"]
[Round "2.5"]
[White "Mok, Yuen Tak"]
[Black "Ramesh, Sanjay"]
[Result "0-1"]
[WhiteElo "2052"]
[BlackElo "1951"]
[PlyCount "116"]
[EventDate "2019.12.06"]
[EventType "swiss"]
[EventRounds "5"]
[EventCountry "CAN"]

1. Nf3 Nf6 2. g3 d5 3. Bg2 c5 4. O-O Nc6 5. d4 Bf5 6. b3 Rc8 7. dxc5 e5 8. Bb2
d4 9. c3 Bxc5 10. cxd4 exd4 11. Na3 O-O 12. Rc1 Qe7 13. Nc2 Rfd8 14. Nce1 Nb4
15. Rxc5 Qxc5 16. Bxd4 Qc1 17. Qxc1 Rxc1 18. Bxa7 Nxa2 19. Nd4 Be4 20. f3 Bc6
21. Nd3 Rxf1+ 22. Kxf1 Nc3 23. Kf2 Nb5 24. Nxc6 bxc6 25. Bc5 Nd7 26. Be3 Nc3
27. Bd4 Nb5 28. Be3 Nf6 29. Ne5 Nc3 30. Bg5 Re8 31. Bxf6 gxf6 32. Nxc6 Rxe2+
33. Kg1 Rb2 34. Nd4 Rd2 35. Nf5 Ne2+ 36. Kf1 Nc1 37. b4 Rb2 38. Ne3 Kg7 39. h4
Rxb4 40. Kg1 Nd3 41. Kh2 Ne1 42. Bh1 Rb3 43. Nf5+ Kf8 44. f4 Nd3 45. Bd5 Rb2+
46. Kg1 Rb5 47. Bc4 Rxf5 48. Bxd3 Rd5 49. Bxh7 f5 50. g4 fxg4 51. Bc2 Rh5 52.
Kg2 f5 53. Kg3 Kf7 54. Ba4 Rh8 55. Bd7 Kf6 56. Bc6 Rc8 57. Bd7 Rc3+ 58. Kg2 Rh3
0-1

[Event "RA December op"]
[Site "Ottawa  CAN"]
[Date "2019.12.07"]
[Round "3.1"]
[White "Sambuev, Bator"]
[Black "Demchenko, Svitlana"]
[Result "1-0"]
[WhiteElo "2575"]
[BlackElo "2257"]
[PlyCount "77"]
[EventDate "2019.12.06"]
[EventType "swiss"]
[EventRounds "5"]
[EventCountry "CAN"]

1. d4 Nf6 2. g3 g6 3. Bg2 Bg7 4. e4 d6 5. Ne2 O-O 6. O-O e5 7. h3 exd4 8. Nxd4
Nbd7 9. Nc3 Re8 10. Nb3 a5 11. a4 Ne5 12. Nd4 c6 13. g4 Ned7 14. Nde2 Nb6 15.
Bg5 h6 16. Bh4 g5 17. Bg3 d5 18. Re1 Be6 19. e5 Nfd7 20. f4 gxf4 21. Nxf4 Nxe5
22. Nh5 Ng6 23. Nxg7 Kxg7 24. Ne2 Nc4 25. Bf2 Kh7 26. Ng3 f6 27. Nh5 Nce5 28.
Bd4 b6 29. Rf1 Rf8 30. Qe2 Ra7 31. Qf2 Raf7 32. Bxb6 Qb8 33. Bc5 f5 34. Bxf8
Qxf8 35. gxf5 Bxf5 36. Qe3 Qd8 37. Ng3 Bxc2 38. Rxf7+ Nxf7 39. Qf2 1-0

[Event "RA December op"]
[Site "Ottawa  CAN"]
[Date "2019.12.07"]
[Round "3.2"]
[White "Dukic, Zachary"]
[Black "Liang, Jason"]
[Result "0-1"]
[WhiteElo "2369"]
[BlackElo "2305"]
[PlyCount "52"]
[EventDate "2019.12.06"]
[EventType "swiss"]
[EventRounds "5"]
[EventCountry "CAN"]

1. e4 c6 2. d4 d5 3. Nd2 dxe4 4. Nxe4 Nd7 5. Ng5 Ngf6 6. Bd3 e6 7. N1f3 Bd6 8.
Qe2 h6 9. Ne4 Nxe4 10. Qxe4 Nf6 11. Qe2 Qc7 12. Bd2 b6 13. Ne5 Bb7 14. f4 O-O-O
15. O-O c5 16. a4 cxd4 17. a5 g5 18. axb6 axb6 19. Ra4 Kb8 20. Ba6 Bxe5 21.
Bxb7 Bd6 22. Ra7 d3 23. Qf3 Qc5+ 24. Be3 Qxe3+ 25. Qxe3 Bc5 26. Qxc5 bxc5 0-1

[Event "RA December op"]
[Site "Ottawa  CAN"]
[Date "2019.12.07"]
[Round "3.3"]
[White "Xu, Daniel"]
[Black "Ramesh, Sanjay"]
[Result "0-1"]
[WhiteElo "2159"]
[BlackElo "1951"]
[PlyCount "46"]
[EventDate "2019.12.06"]
[EventType "swiss"]
[EventRounds "5"]
[EventCountry "CAN"]

1. d4 d5 2. c4 c6 3. Nf3 Nf6 4. Qc2 e6 5. Bf4 Nbd7 6. e3 Be7 7. h3 O-O 8. Nc3
a6 9. c5 b6 10. b4 a5 11. b5 Bb7 12. cxb6 Nxb6 13. Ne5 cxb5 14. Qb3 Rc8 15. a3
b4 16. Nb5 a4 17. Qb2 b3 18. Bd3 Nc4 19. Nxc4 dxc4 20. Bb1 Qa5+ 21. Nc3 Nd5 22.
Kd2 Nxf4 23. exf4 Bf6 0-1

[Event "RA December op"]
[Site "Ottawa  CAN"]
[Date "2019.12.07"]
[Round "3.4"]
[White "Han, Johnathan"]
[Black "Balasooriya, Randika"]
[Result "1-0"]
[WhiteElo "2005"]
[BlackElo "1859"]
[PlyCount "95"]
[EventDate "2019.12.06"]
[EventType "swiss"]
[EventRounds "5"]
[EventCountry "CAN"]

1. e4 e5 2. Nf3 Nf6 3. Nxe5 d6 4. Nf3 Nxe4 5. Nc3 Qe7 6. Nxe4 Qxe4+ 7. Be2 Be7
8. O-O O-O 9. Re1 Qg6 10. d4 Bh3 11. Bf1 Bf6 12. Kh1 Bg4 13. c3 Qh5 14. Be2 Nc6
15. Be3 Ne7 16. h3 Nd5 17. Bd2 Rae8 18. Kg1 Bc8 19. Ne5 Qh4 20. g3 Qxh3 21. Bf1
Qf5 22. g4 Qe6 23. Ng6 Qd7 24. Nxf8 Rxf8 25. Bg2 c6 26. g5 Bd8 27. Qh5 g6 28.
Qe2 Nc7 29. Qd3 Qg4 30. Qe2 Qd7 31. c4 f5 32. d5 cxd5 33. cxd5 Qf7 34. Bf4 Qd7
35. Rac1 b6 36. Qc4 Bb7 37. Qb3 Na6 38. Qc4 Nc5 39. Re3 Ba6 40. Qc2 Bb7 41. b4
Na6 42. Qb3 h6 43. gxh6 g5 44. Rg3 Kh7 45. Bxg5 Bxg5 46. Rxg5 Rf7 47. Bh3 Nc7
48. Bxf5+ 1-0

[Event "RA December op"]
[Site "Ottawa  CAN"]
[Date "2019.12.07"]
[Round "3.5"]
[White "Ning, Alwin"]
[Black "Kearnan, Daniel"]
[Result "1/2-1/2"]
[WhiteElo "1893"]
[BlackElo "1952"]
[PlyCount "55"]
[EventDate "2019.12.06"]
[EventType "swiss"]
[EventRounds "5"]
[EventCountry "CAN"]

1. e4 e5 2. Nf3 Nc6 3. Bc4 Bc5 4. d3 Nf6 5. Nc3 h6 6. h3 a6 7. a3 O-O 8. O-O d6
9. Re1 Qe7 10. Be3 Bxe3 11. Rxe3 Nd4 12. Re1 Ne6 13. d4 Nf4 14. Qd2 c6 15. Rad1
b5 16. Ba2 Be6 17. dxe5 dxe5 18. Bxe6 Qxe6 19. Qd6 Rfe8 20. Rd2 Nh7 21. Qxe6
Rxe6 22. Red1 Rae8 23. Rd6 f6 24. Rxe6 Rxe6 25. b4 Kf7 26. Rd7+ Re7 27. Rd8 Re8
28. Rd7+ 1/2-1/2

[Event "RA December op"]
[Site "Ottawa  CAN"]
[Date "2019.12.08"]
[Round "4.1"]
[White "Liang, Jason"]
[Black "Sambuev, Bator"]
[Result "1/2-1/2"]
[WhiteElo "2305"]
[BlackElo "2575"]
[PlyCount "119"]
[EventDate "2019.12.06"]
[EventType "swiss"]
[EventRounds "5"]
[EventCountry "CAN"]

1. e4 e5 2. Nf3 d6 3. d4 exd4 4. Nxd4 Nf6 5. Nc3 Be7 6. g3 Bg4 7. f3 Bd7 8. Bg2
O-O 9. O-O Nc6 10. Nde2 Re8 11. Be3 Bf8 12. Qd2 Ne5 13. b3 b6 14. h3 Bc6 15.
Rad1 Bb7 16. Kh2 Ng6 17. Rfe1 d5 18. Nxd5 Nxd5 19. exd5 Qxd5 20. Qxd5 Bxd5 21.
Nf4 Bc6 22. Nxg6 hxg6 23. Bf4 Bb4 24. c3 Bxc3 25. Rxe8+ Bxe8 26. Bxc7 Rc8 27.
Rd8 Rxd8 28. Bxd8 Bc6 29. f4 Bxg2 30. Kxg2 Kf8 31. g4 Ke8 32. Bh4 Kd7 33. Kf3
f5 34. Ke2 Kc6 35. Kd3 Bb2 36. Bf2 Kd5 37. Be3 Bf6 38. a4 Be7 39. Bd4 fxg4 40.
hxg4 Bd6 41. Be3 Bb4 42. Bc1 a6 43. Bb2 Bd6 44. Ke3 Bc5+ 45. Kd3 Bd6 46. Bc1 b5
47. axb5 axb5 48. Bd2 Bc7 49. Ke3 Bb6+ 50. Kd3 Bc7 51. Be3 Bd6 52. Bc1 Bc7 53.
Ke3 Bb6+ 54. Kd3 Bc7 55. Bd2 Bd6 56. Ke3 Bc5+ 57. Kd3 Bd6 58. Be3 Bc7 59. Bc1
Bd6 60. Ke3 1/2-1/2

[Event "RA December op"]
[Site "Ottawa  CAN"]
[Date "2019.12.08"]
[Round "4.2"]
[White "Demchenko, Svitlana"]
[Black "Gordon, David"]
[Result "1/2-1/2"]
[WhiteElo "2257"]
[BlackElo "2280"]
[PlyCount "96"]
[EventDate "2019.12.06"]
[EventType "swiss"]
[EventRounds "5"]
[EventCountry "CAN"]

1. d4 Nf6 2. Nf3 b6 3. g3 e6 4. Bg2 Be7 5. O-O O-O 6. c4 Bb7 7. b3 d5 8. Nbd2
Nbd7 9. Bb2 c5 10. e3 a5 11. Ne5 Qc7 12. Rc1 Nxe5 13. dxe5 Nd7 14. f4 dxc4 15.
Bxb7 Qxb7 16. Nxc4 Rad8 17. Qc2 f5 18. Rcd1 Nb8 19. Nd6 Bxd6 20. exd6 Qc6 21.
Be5 Qd7 22. e4 fxe4 23. Qxe4 Nc6 24. a3 Rf7 25. Rfe1 Rdf8 26. Bc3 Nd8 27. Rd2
Rf5 28. Kg2 R8f7 29. Be5 Rf8 30. b4 axb4 31. axb4 cxb4 32. Qxb4 b5 33. Qe4 Nc6
34. Rc1 Nxe5 35. Rc7 Qd8 36. fxe5 Qg5 37. Re2 Qg6 38. Qe3 Rf3 39. Qxf3 Rxf3 40.
Kxf3 Qh5+ 41. g4 Qh3+ 42. Kf4 Qf1+ 43. Ke3 Qg1+ 44. Kd2 Qd4+ 45. Kc2 Qa4+ 46.
Kd2 Qd4+ 47. Kc2 Qa4+ 48. Kd2 Qd4+ 1/2-1/2

[Event "RA December op"]
[Site "Ottawa  CAN"]
[Date "2019.12.08"]
[Round "4.3"]
[White "Ramesh, Sanjay"]
[Black "Dukic, Zachary"]
[Result "0-1"]
[WhiteElo "1951"]
[BlackElo "2369"]
[PlyCount "77"]
[EventDate "2019.12.06"]
[EventType "swiss"]
[EventRounds "5"]
[EventCountry "CAN"]

1. d4 Nf6 2. c4 g6 3. Nc3 Bg7 4. e4 d6 5. Be2 O-O 6. Be3 e5 7. d5 Na6 8. g4 Nc5
9. f3 a5 10. h4 Ne8 11. h5 f5 12. hxg6 hxg6 13. gxf5 gxf5 14. exf5 Bxf5 15. Qd2
a4 16. O-O-O Qf6 17. Bxc5 dxc5 18. Ne4 Bxe4 19. fxe4 Nd6 20. Bg4 Nxe4 21. Qe3
Ng5 22. Rh5 e4 23. Rd2 Bh6 24. Rdh2 Nf7 25. Rxh6 Nxh6 26. Rxh6 Qf4 27. Qxf4
Rxf4 28. Be2 Kg7 29. Re6 Rh8 30. Re7+ Kf6 31. Rxc7 Rh1 32. d6 e3 33. d7 Rxg1+
34. Kc2 Rd4 35. Rxc5 Rg2 36. Rd5 Rxe2+ 37. Kc3 Rxd5 38. cxd5 Ke7 39. d6+ 0-1

[Event "RA December op"]
[Site "Ottawa  CAN"]
[Date "2019.12.08"]
[Round "4.4"]
[White "Simic, Dusan"]
[Black "Xu, Daniel"]
[Result "1/2-1/2"]
[WhiteElo "2142"]
[BlackElo "2159"]
[PlyCount "69"]
[EventDate "2019.12.06"]
[EventType "swiss"]
[EventRounds "5"]
[EventCountry "CAN"]

1. c4 Nf6 2. d4 g6 3. Nc3 Bg7 4. g3 O-O 5. Bg2 d6 6. Bg5 h6 7. Bf4 Nc6 8. Nf3
Nd7 9. Qd2 Kh7 10. O-O e5 11. dxe5 Ndxe5 12. Nxe5 dxe5 13. Qxd8 Nxd8 14. Bd2 c6
15. Rad1 f5 16. Bc1 Be6 17. b3 Nf7 18. e4 Rfd8 19. Be3 a6 20. Bb6 Rxd1 21. Rxd1
Bf6 22. Na4 Be7 23. h4 f4 24. Nc5 Bxc5 25. Bxc5 Rd8 26. Rxd8 Nxd8 27. Kf1 g5
28. hxg5 hxg5 29. Be7 Nf7 30. Ke1 Kg6 31. Kd2 g4 32. Kc3 a5 33. Bf1 b6 34. a4
c5 35. Bd3 1/2-1/2

[Event "RA December op"]
[Site "Ottawa  CAN"]
[Date "2019.12.08"]
[Round "4.5"]
[White "Petrovic, Milos"]
[Black "Han, Johnathan"]
[Result "0-1"]
[WhiteElo "1928"]
[BlackElo "2005"]
[PlyCount "48"]
[EventDate "2019.12.06"]
[EventType "swiss"]
[EventRounds "5"]
[EventCountry "CAN"]

1. e4 c5 2. Nc3 d6 3. f4 Nc6 4. Bc4 g6 5. Nf3 Bg7 6. d3 e6 7. O-O Nge7 8. Qe1
O-O 9. Qh4 Nd4 10. Nxd4 Bxd4+ 11. Kh1 f5 12. g4 d5 13. Bb3 c4 14. dxc4 dxe4 15.
Rd1 Nc6 16. g5 Qe7 17. Nb5 Bc5 18. c3 Rd8 19. Bd2 b6 20. Ba4 Bb7 21. b4 e3 22.
Kg2 Ne5+ 23. Kh3 exd2 24. bxc5 Rd3+ 0-1

[Event "RA December op"]
[Site "Ottawa  CAN"]
[Date "2019.12.08"]
[Round "5.1"]
[White "Sambuev, Bator"]
[Black "Dukic, Zachary"]
[Result "1-0"]
[WhiteElo "2575"]
[BlackElo "2369"]
[PlyCount "61"]
[EventDate "2019.12.06"]
[EventType "swiss"]
[EventRounds "5"]
[EventCountry "CAN"]

1. g3 Nf6 2. Bg2 d5 3. f4 c5 4. Nf3 Nc6 5. O-O g6 6. d3 Bg7 7. Qe1 d4 8. Na3
O-O 9. c4 e5 10. Nxe5 Nxe5 11. fxe5 Ng4 12. Nc2 Nxe5 13. b4 Bg4 14. h3 Bd7 15.
bxc5 a5 16. Rb1 Bc6 17. Rxb7 Bxb7 18. Bxb7 Rb8 19. Bd5 Qc7 20. Qf2 Kh8 21. Ba3
Nc6 22. Bxc6 Qxc6 23. Nxd4 Qd7 24. Nb5 Qxh3 25. c6 Rfe8 26. c7 Rxb5 27. cxb5
Qd7 28. Qxf7 Bd4+ 29. e3 Bxe3+ 30. Kg2 Qxb5 31. Qxe8+ 1-0

[Event "RA December op"]
[Site "Ottawa  CAN"]
[Date "2019.12.08"]
[Round "5.2"]
[White "Gordon, David"]
[Black "Liang, Jason"]
[Result "1/2-1/2"]
[WhiteElo "2280"]
[BlackElo "2305"]
[PlyCount "98"]
[EventDate "2019.12.06"]
[EventType "swiss"]
[EventRounds "5"]
[EventCountry "CAN"]

1. d4 d5 2. c4 e6 3. Nc3 Nf6 4. cxd5 exd5 5. Bg5 c6 6. e3 Bd6 7. Bd3 O-O 8. Qc2
h6 9. Bxf6 Qxf6 10. Nge2 Re8 11. O-O Qh4 12. Ng3 Nd7 13. e4 dxe4 14. Ncxe4 Bb8
15. Rae1 Rf8 16. Re2 Nf6 17. Nxf6+ Qxf6 18. Rfe1 Be6 19. Bc4 Bxc4 20. Qxc4 Bxg3
21. fxg3 Rad8 22. Re5 Qd6 23. R1e4 Rd7 24. Qc5 Qxc5 25. dxc5 Rfd8 26. Kf2 Kf8
27. Ra4 a6 28. Rb4 Re8 29. Rxe8+ Kxe8 30. Ke3 Ke7 31. Rd4 Rxd4 32. Kxd4 a5 33.
g4 Ke6 34. Kc4 g6 35. Kb3 Kd5 36. Ka4 Kxc5 37. Kxa5 f5 38. g3 fxg4 39. a3 b5
40. b4+ Kd6 41. Kb6 h5 42. Kb7 Kd7 43. Kb6 g5 44. Kb7 h4 45. Kb6 Kd6 46. Kb7
Kd7 47. Kb6 Kd6 48. Kb7 Kd7 49. Kb6 Kd6 1/2-1/2

[Event "RA December op"]
[Site "Ottawa  CAN"]
[Date "2019.12.08"]
[Round "5.3"]
[White "Han, Johnathan"]
[Black "Demchenko, Svitlana"]
[Result "0-1"]
[WhiteElo "2005"]
[BlackElo "2257"]
[PlyCount "86"]
[EventDate "2019.12.06"]
[EventType "swiss"]
[EventRounds "5"]
[EventCountry "CAN"]

1. e4 Nf6 2. e5 Nd5 3. c4 Nb6 4. d4 d6 5. exd6 cxd6 6. Nc3 g6 7. Be3 Bg7 8. Be2
Nc6 9. h3 O-O 10. Nf3 e5 11. d5 Ne7 12. Nd2 Nf5 13. O-O Nxe3 14. fxe3 Bh6 15.
e4 Bxh3 16. Nf3 Bg4 17. Nh2 Bxe2 18. Qxe2 Rc8 19. b3 Nd7 20. Rf3 a6 21. Raf1
Bg7 22. Ng4 h5 23. Ne3 Qg5 24. Qf2 Nf6 25. Rg3 Ng4 26. Nxg4 hxg4 27. Qe3 Qxe3+
28. Rxe3 f5 29. Na4 Bh6 30. Re2 Rc7 31. Nb2 f4 32. Rc2 f3 33. Rc3 Rcf7 34. gxf3
gxf3 35. Kf2 Rf4 36. Nd1 Bg5 37. Kg3 Bh4+ 38. Kh3 g5 39. Re3 Kg7 40. Kh2 g4 41.
Rh1 g3+ 42. Kg1 f2+ 43. Kf1 g2+ 0-1

[Event "RA December op"]
[Site "Ottawa  CAN"]
[Date "2019.12.08"]
[Round "5.4"]
[White "Xu, Daniel"]
[Black "Mok, Yuen Tak"]
[Result "0-1"]
[WhiteElo "2159"]
[BlackElo "2052"]
[PlyCount "80"]
[EventDate "2019.12.06"]
[EventType "swiss"]
[EventRounds "5"]
[EventCountry "CAN"]

1. d4 d5 2. c4 e6 3. Nc3 c6 4. Nf3 dxc4 5. e3 b5 6. a4 Bb4 7. Bd2 a5 8. axb5
Bxc3 9. Bxc3 cxb5 10. b3 Bb7 11. bxc4 b4 12. Bb2 Nf6 13. Bd3 Nbd7 14. O-O O-O
15. Nd2 e5 16. Qc2 Qc7 17. c5 Bc6 18. Ne4 Nxe4 19. Bxe4 Bxe4 20. Qxe4 exd4 21.
exd4 Nf6 22. Qc2 Rfe8 23. Ra4 Ra7 24. Rfa1 Rea8 25. Qc4 Qc6 26. h3 Nd5 27. g3
Nb6 28. Qb3 Nxa4 29. Rxa4 Re7 30. Ra1 Rae8 31. Qd1 Re2 32. Rb1 a4 33. Ba1 h5
34. Rc1 Qf3 35. Qf1 h4 36. g4 Qc6 37. Qd1 Qf3 38. Qf1 R2e6 39. Rb1 a3 40. Rc1
Kf8 0-1

[Event "RA December op"]
[Site "Ottawa  CAN"]
[Date "2019.12.08"]
[Round "5.5"]
[White "Ramesh, Sanjay"]
[Black "Simic, Dusan"]
[Result "1/2-1/2"]
[WhiteElo "1951"]
[BlackElo "2142"]
[PlyCount "69"]
[EventDate "2019.12.06"]
[EventType "swiss"]
[EventRounds "5"]
[EventCountry "CAN"]

1. d4 Nf6 2. c4 g6 3. Nc3 Bg7 4. e4 d6 5. Be2 O-O 6. Be3 e5 7. d5 Nbd7 8. g4
Nc5 9. Bf3 a5 10. g5 Ne8 11. h4 f6 12. gxf6 Qxf6 13. Qd2 h6 14. O-O-O Kh7 15.
Be2 Qe7 16. Nh3 Nf6 17. f3 Nh5 18. Rdg1 Bxh3 19. Rxh3 Rf6 20. Nd1 a4 21. Nf2
Qd7 22. Ng4 Rf4 23. Bxf4 exf4 24. Qc2 Qf7 25. Nf2 Bd4 26. Rh2 Rg8 27. Rd1 Qg7
28. Nd3 a3 29. b3 g5 30. Nxc5 Bxc5 31. Bd3 Qe5 32. Bf1 Qa1+ 33. Qb1 Qc3+ 34.
Qc2 Qxf3 35. Bd3 {Incomplete score - game drawn after 60 moves.} 1/2-1/2

[Event "RA Fall op"]
[Site "Ottawa CAN"]
[Date "2019.09.27"]
[Round "1.1"]
[White "Ning, Alwin"]
[Black "Sambuev, Bator"]
[Result "0-1"]
[WhiteElo "1826"]
[BlackElo "2583"]
[PlyCount "118"]
[EventDate "2019.09.27"]
[EventType "swiss"]
[EventRounds "5"]
[EventCountry "CAN"]

1. e4 c5 2. Nf3 Nc6 3. d4 cxd4 4. Nxd4 Nf6 5. f3 e5 6. Nb5 Bc5 7. Nd6+ Ke7 8.
Nf5+ Kf8 9. Be3 Qb6 10. Bxc5+ Qxc5 11. Qd6+ Qxd6 12. Nxd6 Nd4 13. Na3 Ke7 14.
Nxc8+ Rhxc8 15. c3 Ne6 16. Rd1 d6 17. Nc4 Rc6 18. Ne3 Rd8 19. Bc4 Nc7 20. Ke2
g6 21. Rd2 b5 22. Nd5+ Nfxd5 23. Bxd5 Rb6 24. h4 h6 25. Ke3 Ne8 26. Rf1 Nf6 27.
f4 Ng4+ 28. Ke2 Rc8 29. f5 g5 30. hxg5 hxg5 31. Rh1 Nf6 32. a3 a5 33. Rh3 g4
34. Rg3 Rg8 35. Rd1 Nh5 36. Re3 Rbb8 37. Rh1 Rh8 38. Kf2 g3+ 39. Kf3 Nf4 40.
Rxh8 Rxh8 41. Re1 Nxd5 42. exd5 Kf6 43. Kxg3 Kxf5 44. Kf3 Rh4 45. g3 Rh2 46.
Rb1 e4+ 47. Ke3 Ke5 48. a4 bxa4 49. Ra1 Rxb2 50. Rxa4 f5 51. Rxa5 Rg2 52. c4
Rxg3+ 53. Kd2 f4 54. Ra8 Kd4 55. Re8 Rg2+ 56. Ke1 f3 57. c5 dxc5 58. d6 Ke3 59.
Kf1 Rd2 0-1

[Event "RA Fall op"]
[Site "Ottawa CAN"]
[Date "2019.09.27"]
[Round "1.3"]
[White "Xu, Daniel"]
[Black "Plotkin, Victor"]
[Result "1/2-1/2"]
[WhiteElo "2059"]
[BlackElo "2403"]
[PlyCount "59"]
[EventDate "2019.09.27"]
[EventType "swiss"]
[EventRounds "5"]
[EventCountry "CAN"]

1. d4 d5 2. c4 e6 3. Nc3 Nf6 4. cxd5 exd5 5. Bg5 c6 6. Qc2 Be7 7. e3 Nbd7 8.
Bd3 Nh5 9. Bxe7 Qxe7 10. Nge2 g6 11. O-O-O Ndf6 12. Ng3 Nxg3 13. hxg3 Be6 14.
f3 O-O-O 15. Kb1 h5 16. Na4 Qc7 17. Nc5 Rhe8 18. Qf2 Kb8 19. Ka1 Bc8 20. b4 b6
21. Nb3 Qe7 22. Rc1 Bd7 23. Rhe1 Qxb4 24. Nc5 Bc8 25. Rc2 Qa3 26. Rb1 Kc7 27.
Rb3 Qa5 28. Rb5 Qa3 29. Rb3 Qa5 30. Rb5 1/2-1/2

[Event "RA Fall op"]
[Site "Ottawa CAN"]
[Date "2019.09.27"]
[Round "1.4"]
[White "Dukic, Zachary"]
[Black "Sadeghi, Saeid"]
[Result "0-1"]
[WhiteElo "2399"]
[BlackElo "2056"]
[PlyCount "102"]
[EventDate "2019.09.27"]
[EventType "swiss"]
[EventRounds "5"]
[EventCountry "CAN"]

1. e4 d5 2. exd5 Qxd5 3. Nc3 Qd6 4. d4 Nf6 5. Nf3 c6 6. Ne5 Nbd7 7. Nc4 Qc7 8.
Qf3 Nb6 9. Bf4 Qd7 10. O-O-O Qg4 11. Qxg4 Bxg4 12. f3 Be6 13. Na5 Nfd5 14. Nxd5
Nxd5 15. Bd2 O-O-O 16. Bd3 g6 17. Rhe1 Bg7 18. c3 Rhe8 19. g4 h5 20. Rxe6 fxe6
21. Bxg6 Rf8 22. g5 Nf4 23. Be4 e5 24. Bxf4 Rxf4 25. d5 cxd5 26. Bxd5 Kc7 27.
c4 e6 28. Bxb7 Rxd1+ 29. Kxd1 Rh4 30. Be4 Rxh2 31. Nb3 Rxb2 32. Nc5 Rb6 33. Nd3
h4 34. Ke1 Rb1+ 35. Kf2 Ra1 36. Kg2 Rxa2+ 37. Kh3 a5 38. Kxh4 Rh2+ 39. Kg3 Rh8
40. Nc5 Bf8 41. Nxe6+ Kd6 42. Nd8 Kc7 43. Nf7 Rh1 44. Bc2 Rc1 45. Bb3 Rc3 46.
Bd1 e4 47. g6 Rc1 48. Ng5 Rxd1 49. Ne6+ Kd6 50. Nxf8 e3 51. c5+ Ke7 0-1

[Event "RA Fall op"]
[Site "Ottawa CAN"]
[Date "2019.09.27"]
[Round "1.5"]
[White "Mahdjoubi, Abdelaziz"]
[Black "Rodrigue-Lemieux, Shawn"]
[Result "0-1"]
[WhiteElo "2038"]
[BlackElo "2387"]
[PlyCount "42"]
[EventDate "2019.09.27"]
[EventType "swiss"]
[EventRounds "5"]
[EventCountry "CAN"]

1. e4 c6 2. d4 d5 3. e5 Bf5 4. Ne2 e6 5. Ng3 Bg6 6. h4 h5 7. Bd3 Bxd3 8. Qxd3
Nd7 9. Nd2 c5 10. c3 Ne7 11. Nf3 Nc6 12. Ng5 Qb6 13. Nxe6 fxe6 14. Qg6+ Kd8 15.
Qxe6 cxd4 16. Bg5+ Be7 17. Nf5 Bxg5 18. hxg5 Re8 19. Qg6 Ndxe5 20. Qxg7 Nf3+
21. Kf1 Qb5+ 0-1

[Event "RA Fall op"]
[Site "Ottawa CAN"]
[Date "2019.09.27"]
[Round "1.6"]
[White "Liang, Jason"]
[Black "Han, Johnathan"]
[Result "1-0"]
[WhiteElo "2310"]
[BlackElo "2029"]
[PlyCount "137"]
[EventDate "2019.09.27"]
[EventType "swiss"]
[EventRounds "5"]
[EventCountry "CAN"]

1. e4 c5 2. Nf3 d6 3. d4 cxd4 4. Nxd4 Nf6 5. f3 a6 6. c4 e6 7. Nc3 Be7 8. Be2
Nc6 9. Nc2 Qc7 10. Be3 O-O 11. O-O b6 12. Rc1 Bb7 13. Qe1 Rac8 14. Qg3 Rfd8 15.
Rfd1 Nd7 16. Bf2 Qb8 17. Ne3 Nce5 18. Bf1 Nf6 19. Qh3 Ng6 20. g3 Bc6 21. a4 a5
22. Be2 Nd7 23. b3 Nc5 24. Rb1 Bf6 25. Na2 Be8 26. Qf1 Ne5 27. Nc1 Nc6 28. Ng4
Be7 29. Qe1 h5 30. Ne3 Bf6 31. Ng2 g6 32. Nf4 Nb4 33. Qd2 Qc7 34. Na2 Nc6 35.
Nc3 Nb4 36. Na2 Nc6 37. Kg2 Kg7 38. Be3 Qe7 39. h3 Ne5 40. Nc3 Bc6 41. Rh1 Rh8
42. h4 Qb7 43. Nh3 Kg8 44. Nf2 Kg7 45. Rhd1 Rhd8 46. Kf1 Be8 47. Bd4 Qe7 48.
Nh3 Nc6 49. Be3 Nb4 50. Nf4 Bc6 51. Bf2 Be5 52. Be3 Qf6 53. Na2 Nxa2 54. Qxa2
Bxf4 55. Bxf4 Nxe4 56. Kg2 Nc3 57. Qb2 Nxd1 58. Bh6+ Kxh6 59. Qxf6 Ne3+ 60. Kf2
Nf5 61. Bd3 Rd7 62. g4 Ng7 63. Qg5+ Kh7 64. gxh5 Nf5 65. hxg6+ fxg6 66. h5 Rg7
67. Rg1 Rcg8 68. hxg6+ Rxg6 69. Qh5+ 1-0